[Event "Logumkloster-chB"]
[Site "Logumkloster"]
[Date "2011.04.26"]
[Round "3"]
[White "Lauritzen, Vagn"]
[Black "Asmund, Erik"]
[Result "1/2-1/2"]
[WhiteElo "1497"]
[BlackElo "1573"]
[PlyCount "40"]
[EventDate "2011.04.05"]
[EventType "tourn"]
[EventRounds "5"]
[EventCountry "DEN"]
[SourceTitle "EXT 2023"]
[Source "ChessBase"]
[SourceDate "2022.10.05"]
[SourceVersion "1"]
[SourceVersionDate "2022.10.05"]
[SourceQuality "1"]

1. e4 c5 2. Nf3 Nc6 3. d4 cxd4 4. Nxd4 a6 5. c4 g6 6. Nc3 Bg7 7. Be3 e6 8. Be2 Nge7 9. 0-0 0-0 10. Qd2 Nxd4 11. Bxd4 Bxd4 12. Qxd4 Nc6 13. Qd6 Qe7 14. c5 b5 15. e5 Qxd6 16. exd6 Rb8 17. a3 Bb7 18. Bf3 Nd4 19. Bd1 Kg7 20. b4 f5 1/2-1/2

[Event "Sonderjysk-chB"]
[Site "Agerskov"]
[Date "2007.09.23"]
[Round "6"]
[White "Lauritzen, Vagn"]
[Black "Jensen, Henry"]
[Result "1-0"]
[WhiteElo "1497"]
[BlackElo "1441"]
[PlyCount "57"]
[EventDate "2007.09.09"]
[EventType "tourn"]
[EventRounds "7"]
[EventCountry "DEN"]
[SourceTitle "EXT 2023"]
[Source "ChessBase"]
[SourceDate "2022.10.05"]
[SourceVersion "1"]
[SourceVersionDate "2022.10.05"]
[SourceQuality "1"]

1. e4 c5 2. Nf3 Nc6 3. d4 cxd4 4. Nxd4 e6 5. c4 Nf6 6. Nxc6 bxc6 7. Bd3 Bc5 8. Nd2 d6 9. a3 d5 10. Nb3 Bb6 11. c5 Ba5+ 12. Nxa5 Qxa5+ 13. b4 Qc7 14. Qc2 d4 15. 0-0 Ng4 16. f4 Ne3 17. Bxe3 dxe3 18. Rae1 0-0 19. Rxe3 e5 20. f5 a5 21. Rg3 Bd7 22. Bc4 Kh8 23. f6 g6 24. Qd2 Be6 25. Qh6 Rg8 26. Bxe6 fxe6 27. f7 Rgf8 28. Rgf3 axb4 29. Qg5 1-0